| 000 | 00455nam a22001457a 4500 | ||
|---|---|---|---|
| 020 | _a978-981-15-5092-8 | ||
| 082 |
_a006.3 _bESP |
||
| 100 | _aEsposito, Anna | ||
| 245 |
_aProgresses in Artificial Intelligence and Neural system / _cAnna Esposito |
||
| 260 |
_aSingapore : _bSpringer , _c2021. |
||
| 300 | _axviii, 613 p : | ||
| 563 | _aHB | ||
| 700 |
_aMarcos Faundez- Zanuy , Francesco Carlo Morabito, Eros Pasero, _9112498 |
||
| 942 |
_2ddc _cBK |
||
| 999 |
_c594833 _d594833 |
||